|
|
|
|
| LEADER |
02823nam a22005175i 4500 |
| 001 |
978-3-319-04489-7 |
| 003 |
DE-He213 |
| 005 |
20151204163956.0 |
| 007 |
cr nn 008mamaa |
| 008 |
140324s2014 gw | s |||| 0|eng d |
| 020 |
|
|
|a 9783319044897
|9 978-3-319-04489-7
|
| 024 |
7 |
|
|a 10.1007/978-3-319-04489-7
|2 doi
|
| 040 |
|
|
|d GrThAP
|
| 050 |
|
4 |
|a HC79.E5
|
| 072 |
|
7 |
|a KCN
|2 bicssc
|
| 072 |
|
7 |
|a BUS069000
|2 bisacsh
|
| 082 |
0 |
4 |
|a 333.7
|2 23
|
| 245 |
1 |
0 |
|a International Perspectives on Climate Change
|h [electronic resource] :
|b Latin America and Beyond /
|c edited by Walter Leal Filho, Fátima Alves, Sandra Caeiro, Ulisses M. Azeiteiro.
|
| 264 |
|
1 |
|a Cham :
|b Springer International Publishing :
|b Imprint: Springer,
|c 2014.
|
| 300 |
|
|
|a IX, 316 p. 69 illus.
|b online resource.
|
| 336 |
|
|
|a text
|b txt
|2 rdacontent
|
| 337 |
|
|
|a computer
|b c
|2 rdamedia
|
| 338 |
|
|
|a online resource
|b cr
|2 rdacarrier
|
| 347 |
|
|
|a text file
|b PDF
|2 rda
|
| 490 |
1 |
|
|a Climate Change Management,
|x 1610-2010
|
| 505 |
0 |
|
|a Preface -- Part I: Impacts of Change Impacts in Regions and Geographical Areas -- Part II: The Management of Climate Change Impacts -- Part III: The Role of Policy-Making and the Contribution of Information, Communication and Stakeholders' Involvement.
|
| 520 |
|
|
|a This collected volume deals with emerging issues related to climate variation, climate change and adaptation technologies, with a special focus on Latin American countries. Presenting a variety of adaptation strategies and projects currently being undertaken and implemented, the book showcases how Latin American nations are struggling to meet the challenges of climate change. Latin America as a whole and Central America in particular is one of the most vulnerable regions of the world and is severely affected by recurrent extreme climate-related events. This volume documents and analyzes the main challenges and lessons learned, serving to disseminate knowledge beyond the region and enhance international research and policy cooperation.
|
| 650 |
|
0 |
|a Climate change.
|
| 650 |
|
0 |
|a Physical geography.
|
| 650 |
|
0 |
|a Environmental economics.
|
| 650 |
1 |
4 |
|a Economics.
|
| 650 |
2 |
4 |
|a Environmental Economics.
|
| 650 |
2 |
4 |
|a Climate Change Management and Policy.
|
| 650 |
2 |
4 |
|a Climate Change.
|
| 650 |
2 |
4 |
|a Earth System Sciences.
|
| 700 |
1 |
|
|a Leal Filho, Walter.
|e editor.
|
| 700 |
1 |
|
|a Alves, Fátima.
|e editor.
|
| 700 |
1 |
|
|a Caeiro, Sandra.
|e editor.
|
| 700 |
1 |
|
|a Azeiteiro, Ulisses M.
|e editor.
|
| 710 |
2 |
|
|a SpringerLink (Online service)
|
| 773 |
0 |
|
|t Springer eBooks
|
| 776 |
0 |
8 |
|i Printed edition:
|z 9783319044880
|
| 830 |
|
0 |
|a Climate Change Management,
|x 1610-2010
|
| 856 |
4 |
0 |
|u http://dx.doi.org/10.1007/978-3-319-04489-7
|z Full Text via HEAL-Link
|
| 912 |
|
|
|a ZDB-2-SBE
|
| 950 |
|
|
|a Business and Economics (Springer-11643)
|